Zdravie pôvodných obyvateľov Arktídy - vybrané problémy

Kvalita zdravia pôvodných obyvateľov je vo všeobecnosti na nízkej úrovni. Poskytovanie zdravotnej starostlivosti v odľahlých oblastiach je zložité a pôvodné komunity veľakrát uprednostnia tradičné spôsoby liečenia pred medicínskymi. Najvýraznejšími problémami pôvodných obyvateľov sú alkoholizmus a s...

Descrizione completa

Salvato in:
Dettagli Bibliografici
Autore principale: Harakaľová, Dorota, 1989-
Natura: Capitolo di libro
Lingua:slovacco
Soggetti:
Tags: Aggiungi Tag
Nessun Tag, puoi essere il primo ad aggiungerne!!

MARC

LEADER 00000nla a2200000 4500
001 0241512
005 20240502073931.4
041 0 |a slo 
044 |a SK 
245 1 0 |a Zdravie pôvodných obyvateľov Arktídy - vybrané problémy  |c Dorota Harakaľová 
520 |a Kvalita zdravia pôvodných obyvateľov je vo všeobecnosti na nízkej úrovni. Poskytovanie zdravotnej starostlivosti v odľahlých oblastiach je zložité a pôvodné komunity veľakrát uprednostnia tradičné spôsoby liečenia pred medicínskymi. Najvýraznejšími problémami pôvodných obyvateľov sú alkoholizmus a s ním spojená vysoká miera samovrážd a kontaminácia pôvodných zdrojov tradičnej potravy perzistentnými organickými látkami a ťažkými kovmi. Ochranou ľudského zdravia a životného prostredia v tejto oblasti sa zaoberá Štokholmský dohovor o perzistentných organických látkach. 
610 2 0 |a zdravie 
610 2 0 |a ochrana zdravia 
610 2 0 |a prostredie životné 
610 2 0 |a alkoholizmus 
610 2 0 |a potraviny 
610 2 0 |a chémia 
610 2 0 |a regióny 
610 2 0 |a dohody medzinárodné 
610 2 0 |a obyvateľstvo 
610 2 0 |a politika environmentálna 
610 2 0 |a Rusko 
610 2 0 |a Švédsko 
100 1 |a Harakaľová, Dorota, 1989-